Medical Law's Regan Report

Detalles Bibliográficos
Formato: eBook
Lenguaje:inglés
Publicado: Detroit, MI : Gale Group, [2000] -
Materias:
Acceso en línea:Acceso restringido

MARC

LEADER 00000nam a22000007a 4500
005 20110922120838.0
008 110922c2000 xxumr|||s|||| 00| b1eng d
022 |a 1528-8471  
035 |a 2970 
040 |a vLex 
090 |c 2528  |d 2528 
245 0 0 |a Medical Law's Regan Report  |h [Recurso electrn̤ico] 
256 |a Servicio en ln̕ea. 
260 |a Detroit, MI :   |b Gale Group,  |c [2000] - 
300 |a 1 recurso electrn̤ico 
310 |a Mensual 
362 |a Nm︢. 1 [2000] - 
506 1 |a Contenido solo disponible en los productos indicados  |d vLex Global  |d vLex Global (Academic Edition, excluding Law Schools)  |d vLex Global (Academic Edition, Law Schools) 
650 0 4 |a Medicina legal  |z Estados Unidos de Amřica 
740 0 |a vLex Revistas (Servicio en ln̕ea) 
856 4 0 |u http://vlex.com/source/medical-law-regan-report-2970  |z Acceso restringido 
942 |c REV